| 000 | 00657nam a2200205 a 4500 | ||
|---|---|---|---|
| 005 | 20240924071349.0 | ||
| 008 | 991125s1981 mx 000 0 spa u | ||
| 020 | _a9688047910 | ||
| 035 | _aUPN01000010430 | ||
| 049 | _aSEP | ||
| 050 | 4 |
_aP90 _bC3.2 |
|
| 100 | 1 |
_aCarbó Pérez, Teresa _928655 |
|
| 245 | 1 | 3 |
_aLa comunicación humana / _cTeresa Carbó. |
| 260 |
_aMéxico : _bSEP, Dirección General de Educación Indígena, _c1981. |
||
| 300 |
_a71 p. : _bil. |
||
| 440 | 0 | _aCuadernos de información y divulgación para maestros bilingües | |
| 650 | 2 |
_aComunicación humana _97472 |
|
| 650 | 4 |
_aMaestros _xFormación profesional _9804 |
|
| 905 | _aLibro | ||
| 999 |
_c10430 _d10430 |
||